|
|
|
|
| LEADER |
00000nas a2200000 a 4500 |
| 001 |
ssj0005392 |
| 003 |
WaSeSS |
| 005 |
20200512172242.0 |
| 006 |
m d |
| 007 |
cr n |
| 008 |
000602c19419999enkqr pss 0 a0eng c |
| 010 |
|
|
|a 2004233130
|
| 015 |
|
|
|a GBA876886
|2 bnb
|
| 016 |
7 |
|
|a 2018857-2
|2 DE-600
|
| 016 |
7 |
|
|a 012431988
|2 Uk
|
| 022 |
|
|
|a 1573-6741
|l 0002-9548
|y 0002-9548
|
| 035 |
|
|
|a (WaSeSS)ssj0005392
|
| 040 |
|
|
|a F#A
|b eng
|e pn
|c F#A
|d OCLCQ
|d GUA
|d OCLCQ
|d OCL
|d FQM
|d OCLCQ
|d NSD
|d OCLCQ
|d BUF
|d OCLCQ
|d OCLCF
|d OCLCO
|d VT2
|d OCLCO
|d OCLCQ
|d OCLCO
|d OCLCQ
|d U3W
|d OCLCO
|d DLC
|d NLE
|d AU@
|d OCLCO
|d WYU
|d UKMGB
|d OCLCO
|d OCLCA
|d SFB
|d GWM
|d OCLCA
|d CUI
|d WaSeSS
|
| 042 |
|
|
|a pcc
|a nsdp
|
| 050 |
0 |
0 |
|a RC321
|
| 082 |
0 |
4 |
|a 616.89
|
| 130 |
0 |
|
|a American journal of psychoanalysis (Online)
|
| 210 |
0 |
|
|a Am. j. psychoanal.
|b (Dordr., Online)
|
| 222 |
|
4 |
|a The American journal of psychoanalysis
|b (Dordrecht. Online)
|
| 245 |
1 |
4 |
|a The American journal of psychoanalysis
|h [electronic resource].
|
| 260 |
|
|
|3 1941-2006 :
|a New York :
|b Kluwer Academic/Plenum Publishers,
|c 1941-
|
| 260 |
3 |
|
|3 2007- :
|a [Houndmills, Basingstoke] :
|b Palgave Macmillan
|
| 310 |
|
|
|a Quarterly,
|b 1974-
|
| 321 |
|
|
|a Frequency varies,
|b 1941-1973
|
| 362 |
1 |
|
|a Began with Vol.1, issue 1 (1941).
|
| 506 |
|
|
|a License restrictions may limit access.
|
| 550 |
|
|
|a Journal of the Association for the Advancement of Psychoanalysis.
|
| 588 |
|
|
|a Description based on: Vol.1, issue 1 (1941); title from contents screen (publisher's Web site, viewed Jan. 22, 2004).
|
| 588 |
|
|
|a Latest issue consulted: Vol. 78, issue 2 (June 2018) (Springer Link website, viewed July 25, 2018).
|
| 650 |
|
0 |
|a Psychoanalysis
|v Periodicals.
|
| 650 |
|
7 |
|a Psychoanalysis.
|2 fast
|0 (OCoLC)fst01081235
|
| 650 |
|
2 |
|a Psychology.
|
| 650 |
|
2 |
|a Psychoanalysis.
|
| 650 |
|
2 |
|a Psychoanalytic Therapy.
|
| 655 |
|
0 |
|a Electronic journals.
|
| 710 |
2 |
|
|a Association for the Advancement of Psychoanalysis.
|
| 776 |
0 |
8 |
|i Print version:
|t American journal of psychoanalysis
|x 0002-9548
|w (DLC) 49032980
|w (OCoLC)1355186
|
| 850 |
|
|
|a DLC
|
| 856 |
4 |
0 |
|z Full text available from Research Library: 12/01/1995 to 1 year ago
|u https://search.proquest.com/publication/24122
|